<?xml version="1.0" encoding="UTF-8"?>
<marc:record xmlns:marc="http://www.loc.gov/MARC21/slim">
   <marc:leader>00000nam a2200000 a 4500</marc:leader>
   <marc:datafield ind1="1" ind2=" " tag="100">
      <marc:subfield code="a">Wohlleben, Peter</marc:subfield>
      <marc:subfield code="4">aut</marc:subfield>
      <marc:subfield code="e">Verfasser/-in</marc:subfield>
   </marc:datafield>
   <marc:datafield ind1="0" ind2="0" tag="245">
      <marc:subfield code="a">Kommst du mit nach draußen?</marc:subfield>
   </marc:datafield>
   <marc:datafield ind1="0" ind2="0" tag="245">
      <marc:subfield code="b">eine Entdeckungsreise durch Garten und Stadt</marc:subfield>
   </marc:datafield>
   <marc:datafield ind1="0" ind2="0" tag="245">
      <marc:subfield code="c">Peter Wohlleben</marc:subfield>
   </marc:datafield>
   <marc:datafield ind1=" " ind2="1" tag="264">
      <marc:subfield code="a">Hamburg</marc:subfield>
      <marc:subfield code="b">Oetinger Media GmbH</marc:subfield>
      <marc:subfield code="c">2021</marc:subfield>
   </marc:datafield>
   <marc:datafield ind1="1" ind2=" " tag="520">
      <marc:subfield code="a">Angaben aus der Verlagsmeldung

Kommst du mit nach draußen? : Eine kleine Entdeckungsreise durch Garten und Stadt (2CD) / von Peter Wohlleben

Wilder Garten, wilde Stadt: Natur entdecken vor der Tür.
Natur ist überall, sogar mitten in der Stadt. Peter Wohlleben zeigt sie euch. Spinnen und Käfer, Mäuse, Kaninchen und sogar Waschbären sind unsere Nachbarn. Pilze, Moos und Blumen finden noch in den kleinsten Spalten und Rissen im Asphalt ihren Lebensraum. Suchen und finden, sammeln und selbermachen, basteln und helfen – es gibt so viel zu entdecken und auszuprobieren. Vielleicht einen Mini-Garten vorm Haus anlegen oder Pflanzen säen auf dem Balkon? Vögeln und Bienen Nahrung bieten? Einen Kompass bauen?
Peter Wohlleben erzählt Stadtkindern Wissenswertes und Spannendes über die vielen kleinen Wunder der Natur direkt vor unserer Nase.
</marc:subfield>
   </marc:datafield>
   <marc:datafield ind1=" " ind2=" " tag="020">
      <marc:subfield code="a">9783837311792</marc:subfield>
      <marc:subfield code="9">9783837311792</marc:subfield>
   </marc:datafield>
   <marc:datafield ind1=" " ind2=" " tag="020">
      <marc:subfield code="a">3837311791</marc:subfield>
      <marc:subfield code="9">3837311791</marc:subfield>
   </marc:datafield>
   <marc:datafield ind1=" " ind2=" " tag="041">
      <marc:subfield code="a">ger</marc:subfield>
   </marc:datafield>
   <marc:datafield ind1=" " ind2=" " tag="300">
      <marc:subfield code="a">2 CDs</marc:subfield>
   </marc:datafield>
</marc:record>
